000 00681nam a2200241Ia 4500
003 OSt
005 20221002053628.0
006 a|||||r|||| 00| 0
007 ta
008 220930b |||||||| |||| 00| 0 eng d
024 _a55324
037 _cReference Collections
040 _aCRL
_cCRL
_beng
041 _2eng
_aeng
082 _aV2.N97,-N47, fN8(RR)
100 _aAnant Victor
245 0 _aIndia
_b A celebration of independence 1947 to 1997
260 _aNew Delhi
_bTimeless books
_c1998
300 _a223p.
_ccm.
650 _aHISTORY
942 _hV2.N97,-N47, fN8(RR)
_cref
_2CC
999 _c922759
_d922759